<?xml version="1.0" encoding="UTF-8"?>
<record
    xmlns:xsi="http://www.w3.org/2001/XMLSchema-instance"
    xsi:schemaLocation="http://www.loc.gov/MARC21/slim http://www.loc.gov/standards/marcxml/schema/MARC21slim.xsd"
    xmlns="http://www.loc.gov/MARC21/slim">

  <leader>02378nam a2200337 a 4500</leader>
  <controlfield tag="003">DO-SdBNP</controlfield>
  <controlfield tag="005">20250227073855.0</controlfield>
  <controlfield tag="007">ta</controlfield>
  <controlfield tag="008">211230e2002    dr aco|gr|||| 001 0 spa d</controlfield>
  <datafield tag="020" ind1=" " ind2=" ">
    <subfield code="a">999343034X</subfield>
  </datafield>
  <datafield tag="040" ind1=" " ind2=" ">
    <subfield code="a">DO-SdBNP</subfield>
    <subfield code="b">spa</subfield>
    <subfield code="c">BNPHU</subfield>
  </datafield>
  <datafield tag="082" ind1=" " ind2="4">
    <subfield code="2">22</subfield>
    <subfield code="b">O13p</subfield>
  </datafield>
  <datafield tag="111" ind1="1" ind2=" ">
    <subfield code="9">23010</subfield>
    <subfield code="a">Concurso de Arte y Literatura Bancentral</subfield>
    <subfield code="n">(7 :</subfield>
    <subfield code="d">1995 :</subfield>
    <subfield code="c">Santo Domingo, Rep&#xFA;blica Dominicana)</subfield>
  </datafield>
  <datafield tag="245" ind1="1" ind2="0">
    <subfield code="a">Obras premiadas : </subfield>
    <subfield code="b">s&#xE9;ptimo Concurso de Arte y Literatura Bancentral 2001 /</subfield>
    <subfield code="c">Edici&#xF3;n, Jos&#xE9; Alc&#xE1;ntara Alm&#xE1;nzar y Lourdes Lara</subfield>
  </datafield>
  <datafield tag="260" ind1=" " ind2=" ">
    <subfield code="a">Santo Domingo :</subfield>
    <subfield code="b"> Banco Central de la Rep&#xFA;blica Dominicana, Departamento Cultural,</subfield>
    <subfield code="c">2002</subfield>
  </datafield>
  <datafield tag="300" ind1=" " ind2=" ">
    <subfield code="a">76 p : </subfield>
    <subfield code="b">il., retr. fotogr. ;</subfield>
    <subfield code="c">23 cm.</subfield>
  </datafield>
  <datafield tag="490" ind1=" " ind2=" ">
    <subfield code="a">Banco Central de la Rep&#xFA;blica Dominicana ;  </subfield>
    <subfield code="v">46</subfield>
  </datafield>
  <datafield tag="490" ind1=" " ind2=" ">
    <subfield code="a">Obras premiadas ; </subfield>
    <subfield code="v">7</subfield>
  </datafield>
  <datafield tag="505" ind1="0" ind2=" ">
    <subfield code="a">Presentaci&#xF3;n.</subfield>
  </datafield>
  <datafield tag="505" ind1="0" ind2=" ">
    <subfield code="a">Premios del a&#xF1;o 2001</subfield>
    <subfield code="t">Primer premio. Categor&#xED;a Pintura</subfield>
    <subfield code="t">"Plenitud"</subfield>
    <subfield code="r">Vladimir A. Bret&#xF3;n M&#xE9;ndez.--</subfield>
    <subfield code="t">Azul-Azul / </subfield>
    <subfield code="r">Sarah Perell&#xF3; Cruz </subfield>
    <subfield code="t">Primer premio Categoria Cuento  </subfield>
    <subfield code="t">"Dos cuentos" / </subfield>
    <subfield code="r">Henry Almonte Dilon&#xE9;</subfield>
    <subfield code="t">Primer premio Categoria Fotograf&#xED;a</subfield>
    <subfield code="t">"Lago Azul" / </subfield>
    <subfield code="r">Rafael V. Ravelo</subfield>
    <subfield code="t">Segundo premio. Categoria Cuento:</subfield>
    <subfield code="t">Frente a la nada, dedos de ruina /</subfield>
    <subfield code="r">Juan Manuel Prida</subfield>
    <subfield code="t">Segundo premio. Categoria Fotografia </subfield>
    <subfield code="t">Paisaje de palmera / Rafael Ravelo Pe&#xF1;a </subfield>
    <subfield code="r"> Rafael Ravelo Pe&#xF1;a </subfield>
    <subfield code="t">Expresi&#xF3;n de carnaval / </subfield>
    <subfield code="r">Jos&#xE9; Polanco Santana</subfield>
    <subfield code="t">Tercer premio. Categoria Cuento</subfield>
    <subfield code="t">El primer encuentro /</subfield>
    <subfield code="r">Juan Manuel Prida </subfield>
    <subfield code="t">Segundo premio Categor&#xED;a Pintura </subfield>
    <subfield code="t">El coquero / </subfield>
    <subfield code="r">Geraldo Amable Pimentel </subfield>
    <subfield code="t">Menci&#xF3;n de honor Categor&#xED;a Cuento</subfield>
    <subfield code="t">Mirtha Celeste Disla </subfield>
    <subfield code="r">Resplandor /</subfield>
    <subfield code="t">Tercer premio Categor&#xED;a Fotograf&#xED;a </subfield>
    <subfield code="t">Ve y lleva la paz / </subfield>
    <subfield code="r">Domingo de la Cruz</subfield>
    <subfield code="t">Tercer premio Categoria Pintura </subfield>
    <subfield code="t">Margarita en mi ventana / </subfield>
    <subfield code="r">Celina Fondeur </subfield>
    <subfield code="t">Menci&#xF3;n de honor Categor&#xED;a Pintura</subfield>
    <subfield code="t">Maritza Balbuena /</subfield>
    <subfield code="r">Chav&#xF3;n </subfield>
    <subfield code="t">Quincea&#xF1;era de la raza negra / </subfield>
    <subfield code="r">Marcela P&#xE9;rez de Mart&#xED; </subfield>
  </datafield>
  <datafield tag="590" ind1=" " ind2=" ">
    <subfield code="a">Inventariado 2021 / MF</subfield>
  </datafield>
  <datafield tag="650" ind1=" " ind2="0">
    <subfield code="9">75099</subfield>
    <subfield code="a">Certamenes Literarios</subfield>
    <subfield code="x">Rep&#xFA;blica Dominicana</subfield>
  </datafield>
  <datafield tag="650" ind1=" " ind2="0">
    <subfield code="9">73688</subfield>
    <subfield code="a">Arte Dominicano</subfield>
    <subfield code="x">Concursos</subfield>
  </datafield>
  <datafield tag="650" ind1=" " ind2="0">
    <subfield code="9">79017</subfield>
    <subfield code="a">Pinturas</subfield>
    <subfield code="x">Artes Pl&#xE1;sticas</subfield>
    <subfield code="z">Rep&#xFA;blica Dominicana</subfield>
  </datafield>
  <datafield tag="700" ind1="1" ind2=" ">
    <subfield code="a">Alc&#xE1;ntara Alm&#xE1;nzar, Jos&#xE9;</subfield>
    <subfield code="d">1946-</subfield>
    <subfield code="e">ed.</subfield>
    <subfield code="9">7018</subfield>
  </datafield>
  <datafield tag="700" ind1=" " ind2=" ">
    <subfield code="9">22948</subfield>
    <subfield code="a">Lara, Lourdes</subfield>
    <subfield code="e">ed.</subfield>
  </datafield>
  <datafield tag="830" ind1=" " ind2=" ">
    <subfield code="9">78718</subfield>
    <subfield code="a"> Banco Central de la Rep&#xFA;blica Dominicana ;</subfield>
    <subfield code="n">46</subfield>
  </datafield>
  <datafield tag="830" ind1=" " ind2=" ">
    <subfield code="9">43528</subfield>
    <subfield code="a">Obras premiadas</subfield>
    <subfield code="n">7</subfield>
  </datafield>
  <datafield tag="910" ind1=" " ind2=" ">
    <subfield code="a">MF&#xE9;liz</subfield>
  </datafield>
  <datafield tag="942" ind1=" " ind2=" ">
    <subfield code="2">ddc</subfield>
    <subfield code="c">LBS1</subfield>
  </datafield>
  <datafield tag="952" ind1=" " ind2=" ">
    <subfield code="0">0</subfield>
    <subfield code="1">0</subfield>
    <subfield code="2">ddc</subfield>
    <subfield code="5">1</subfield>
    <subfield code="7">0</subfield>
    <subfield code="8">PD</subfield>
    <subfield code="a">BNPHU</subfield>
    <subfield code="b">PD</subfield>
    <subfield code="c">HD</subfield>
    <subfield code="d">2018-07-30</subfield>
    <subfield code="e">Donado por CERTV</subfield>
    <subfield code="l">0</subfield>
    <subfield code="o">C744o</subfield>
    <subfield code="p">2021-28650</subfield>
    <subfield code="r">2021-12-30</subfield>
    <subfield code="w">2021-12-30</subfield>
    <subfield code="y">LFPD</subfield>
  </datafield>
  <datafield tag="999" ind1=" " ind2=" ">
    <subfield code="c">51148</subfield>
    <subfield code="d">51148</subfield>
  </datafield>
</record>
